000 00528nam a22001697a 4500
003 OSt
005 20260203055703.0
008 260203b |||||||| |||| 00| 0 eng d
020 _a978-0-06-172897-6
040 _aDWCL-Main Lib
_cOC
082 _aFic. H341 2009
100 _aHarvey, Steve
245 _aAct like a lady, think like a man : what men really think about love, relationships, intimacy, and commitment
260 _aNew York :
_bHarper Collins,
_cc2009.
300 _a232 p. ;
_c21 cm.
942 _2ddc
_cFIC.
_mFic.
_n0
999 _c8191
_d8191